Responses for show #6718 - Wednesday, November 27, 2013

Contestants

John Kyle Grady, a substitute teacher originally from Hyde Park, Massachusetts

Shanna Lafferty, a law student from Boyertown, Pennsylvania

Mike Nickel, a social worker from St. Louis, Missouri (whose 1-day cash winnings total $29,210)

Jeopardy! Round responses

JOKERS ARE WILD
I'M HOLDING A PAIR
FULL HOUSE TAKES IT
FAR SOUTHERN NOVELS
PAPAL NAMES
ALSO A 2-LETTER POSTAL ABBREVIATION
    $200 6
(Rodney) Dangerfield

John
    $200 17
David & Goliath

Mike
    $200 11
an island

Shanna
    $200 12
Whiteout

Mike
    $200 22
Benedict

John
    $200 1
me

John
    $400 7
George Carlin

John
    $400 18
Boardwalk & Park Place

Mike
    $400 13
a couch

Mike
    $400 25
Madeleine L'Engle

Shanna
    $400 23
Victor

John
    $400 2
ID

John
    $600 8
a trumpet

Mike
    $600 19
Abercrombie & Fitch

Mike
    $600 14
a dumbwaiter

Mike
    $600 26
(Mike: Who is Pitt?)
(Alex: No. Be more specific, though.)
(Mike: [No response])

Dirk Pitt

Mike
Triple Stumper
    $600 24
John & Paul

Mike
    $600 3
or

John
    $800 9
Richard Pryor

Mike
    $800 20
Tweedledee & Tweedledum

Shanna
    $800 15
the (flush) toilet

Mike
    $1,000 27
(Shanna: Who is... Peary?)

Robert Falcon Scott

Shanna
    $800 29
(Shanna: What is Pius?)

Boniface

Shanna
Triple Stumper
    $800 4
A.K.

John
    $1000 10
Steven Wright

Mike
    $1000 21
(Mike: What are Phobos and Deimios?)

Phobos & Deimos

MikeJohn
    $1000 16
a newel post

Mike
    $1000 28
The Thing

Mike
    $1000 30
(John: What is Sistine?)
...
(Alex: Sistine is the chapel he had built, but the pope's name is [*].)

Sixtus

John
Triple Stumper
    $1000 5
(Alex: [*]--think of the Mayo Clinic. Right.)

M.D.

Mike

Scores at the first commercial break (after clue 15):

Mike Shanna John
$5,400 $200 $2,600

Scores at the end of the Jeopardy! Round:

Mike Shanna John
$7,600 -$400 $3,200

Double Jeopardy! Round responses

REMEMBER 1791?
"B" GOOD
ENRAPTURED WITH RAPTORS
SEQUELS
EDUCATION
SOUND GEOGRAPHY
    $400 26
the Bill of Rights

John
    $400 2
bocce

John
    $400 16
(Mike: What is a radar receiver?)

antenna (a satellite accepted)

MikeShanna
    $400 3
Harold & Kumar

Shanna
    $400 12
the Virgin Islands

John
    $800 7
bionic

Shanna
    $800 18
(John: What is...[*]?)
(Alex: Yes! Way to go. You pulled that out of thin air.)

a kite

John
    $800 4
City Slickers

Shanna
    $800 13
New Zealand

Mike
    $1200 17
a mission

John
    $1200 8
bailey

Triple Stumper
    $1200 19
DDT

John
    $1200 1
The Naked Gun

Mike
    $1200 23
the magnet program

John
    $1200 11
Tierra del Fuego

Mike
    $5,000 22
the Ottoman Empire

Shanna
    $1600 9
burnish

Shanna
    $1600 20
the California condor

Mike
    $1600 5
Die Hard

John
    $1600 24
(Alex: Yes, with less than
a minute to go.)

the SAT

Shanna
    $1600 14
Long Island Sound

John
    $2000 27
[The end-of-round signal sounds.]

Vermont

John
    $2000 10
(Alex: It's not a bodhi tree. It's a [*] tree. "Life is good at the beach"? Eh.)
[Laughter]

beech

Triple Stumper
    $2000 21
Horus

Shanna
    $2000 6
28 Days Later

Shanna
    $200 25
the Miss America Organization (the Miss American Pageant accepted)

Shanna
    $2000 15
the Yukon

John

Scores at the end of the Double Jeopardy! Round:

Mike Shanna John
$12,000 $14,400 $16,000

[wagering suggestions for these scores]

Final Jeopardy! Round responses

GOVERNMENT PROGRAMS
[No mention is made of John's misspelling.]
MikeWhat is the witness relocation program
$11,950
ShannaWhat is the CIA?
$0
JohnWhat is the witness protction program
$12,801
the Witness Protection Program

Final scores:

Mike Shanna John
$50 $14,400 $28,801
3rd place: $1,000 2nd place: $2,000 New champion: $28,801

Game dynamics:

Coryat scores:

Mike Shanna John
$12,000 $13,800 $16,000
18 R,
3 W
13 R
(including 2 DDs),
2 W
(including 1 DD)
20 R,
1 W

Combined Coryat: $41,800

The J! Archive is created by fans, for fans. The Jeopardy! game show and all elements thereof, including but not limited to copyright and trademark thereto, are the property of Jeopardy Productions, Inc. and are protected under law. This website is not affiliated with, sponsored by, or operated by Jeopardy Productions, Inc. Join the discussion at JBoard.tv.